[Event "CRO-ch U13"]
[Site "Trogir"]
[Date "2023.06.23"]
[Round "5"]
[White "Reljac, Simun"]
[Black "Tomljenovic, Ivan1111"]
[Result "0-1"]
[WhiteElo "1812"]
[BlackElo "1536"]
[PlyCount "78"]
[EventDate "2023.06.21"]
[EventType "swiss"]
[EventRounds "9"]
[EventCountry "CRO"]
[SourceTitle "EXT 2024"]
[Source "ChessBase"]
[SourceDate "2023.10.10"]
[SourceVersion "1"]
[SourceVersionDate "2023.10.10"]
[SourceQuality "1"]

1. e4 c5 2. Nf3 Nc6 3. Bb5 e6 4. 0-0 Nge7 5. Nc3 g6 6. d3 Bg7 7. Be3 d6 8. Qd2 0-0 9. Bh6 f5 10. Bxg7 Kxg7 11. Rfe1 a6 12. Bxc6 Nxc6 13. a3 f4 14. Ne2 e5 15. c3 Bg4 16. Kh1 Bxf3 17. gxf3 d5 18. Rg1 d4 19. c4 Qh4 20. Rg2 Qh3 21. Ng1 Qd7 22. Qd1 Rab8 23. Rg4 b5 24. cxb5 Rxb5 25. Rb1 Rfb8 26. Qc2 Qe6 27. Rg2 Qb3 28. Qc1 Qxd3 29. a4 Ra5 30. b4 c4 31. Rb3 Qxb3 32. bxa5 c3 33. Qf1 Nb4 34. Rg5 Re8 35. h4 c2 36. h5 Re6 37. Qh3 c1Q 38. Rxg6+ Rxg6 39. h6+ Rxh6 0-1